| 000 | 00596nam a22001817a 4500 | ||
|---|---|---|---|
| 005 | 20170418160835.0 | ||
| 010 | _aENG-117840 | ||
| 020 |
_c350.00 _a9789350095652 |
||
| 035 | _aEN-101372 | ||
| 037 | _bDBAD/PUB | ||
| 082 | _a641.5954 | ||
| 100 | _aAnoothi Vishal | ||
| 245 |
_aMrs Lc's table / _cby Anoothi Vishal _bstories about Kayasth food and culture / |
||
| 260 |
_aGurgaon _bHachette Book Publishing _c2016 |
||
| 270 |
_a4th & 5th Floors, Corporate Center, Plot No. 94, Sector 44 _bGurgaon _e122003 |
||
| 300 |
_axi,236p. _c22cm(pbk) |
||
| 942 |
_2ddc _cEN _mANO _h641.5954 |
||
| 999 |
_c138972 _d138972 |
||